Statistics for Every Olympic sport ever contested

Click here to take the quiz!

General Stats

  • This quiz has been taken 797 times
    (755 since last reset)
  • The average score is 42 of 89

Answer Stats

YearsSport% Correct
1896-1912, 1920-1936, 1948-2020Swimming
92%
Swimming
92%
1900-1912, 1920-1928, 1948-2020Football
90%
1936, 1948-2020Basketball
82%
1920Ice Hockey
77%
1924-1936,1948-2022Ice hockey
77%
1896-1912, 1920-1924, 1988-2020Tennis
77%
1992-2008, 2020Baseball
75%
Gymnastics
75%
1896-1912, 1920-1936, 1948-2020Gymnastics Artistic
75%
1904-1912, 1920-1936, 1948-2020Diving
73%
Skiing
73%
1896, 1904-1912, 1920-1936, 1948-2020Wrestling
73%
1908, 1928-1936, 1948-2020Hockey
72%
1896-1912, 1920-1936, 1948-2020Athletics
71%
Equestrian
71%
1964, 1972-2020Judo
71%
1896-1900, 1908-1912, 1920-1924, 1932-1936, 1948-2020Shooting
71%
1900-1908, 1972-2020Archery
70%
2020Karate
70%
Cycling
69%
1964-2020Volleyball
68%
2020Skateboarding
67%
1900-1912, 1920-1936, 1948-2020Rowing
66%
Sled
65%
1992-2020Badminton
64%
1904-1908, 1920-1936, 1948-2020Boxing
64%
1900, 1920-1924, 2016-2020Rugby
64%
1900-1912, 1920-1936, 1948-2020Water Polo
63%
1988-2020Table Tennis
62%
2000-2020Taekwondo
62%
1900-1904, 2016-2020Golf
58%
1924-1936,1948-1956,1964-2022Bobsleigh
57%
Canoe
56%
1896-1908, 1920-1936, 1948-2020Cycling Track
55%
1896-1912, 1920-1936, 1948-2020Fencing
55%
1936, 1972-2020Handball
55%
2000-2020Triathlon
54%
1998-2022Snowboard
53%
1924,1998-2022Curling
52%
1996-2008, 2020Softball
52%
1896, 1920-1936, 1948-2020Weightlifting
52%
1900, 1908-1912, 1920-1936, 1948-2020Sailing
51%
2020Cycling BMX Freestyle
50%
2020Surfing
50%
1924-1936,1948-2022Figure skating
49%
1908-1920Figure Skating
49%
Skating
48%
2020Artistic Swimming
47%
1996-2020Beach Volleyball
46%
1984-2016Synchronized Swimming
46%
1960-2022Biathlon
44%
1900Cricket
44%
1964-2022Luge
44%
1992-2022Short-track speed skating
44%
1924-1936,1948-2018Ski jumping
44%
1924-1936,1948-2022Speed skating
44%
2008-2016Cycling BMX
42%
1900-1912, 1920Tug Of War
42%
1924-1936,1948-2022Cross-country skiing
41%
2020Cycling BMX Racing
41%
2020Sport Climbing
41%
1928,2002-2022Skeleton
39%
1972, 1992-2020Canoe Slalom
38%
1900, 1920-1924, 1936Polo
37%
1912, 1920-1936, 1948-2020Modern Pentathlon
36%
1912, 1920-1936, 1948-1952, 1960-2020Equestrian Dressage
34%
1936,1948-2022Alpine skiing
29%
1896, 1920-1936, 1948-2020Cycling Road
27%
1984-2020Gymnastics Rhythmic
27%
1996-2020Cycling Mountain Bike
23%
1900, 1920-1936, 1948-1952, 1960-2020Equestrian Jumping
23%
1992-2022Freestyle skiing
21%
2000-2020Trampoline
21%
2020Basketball 3x3
20%
1904-1908Lacrosse
16%
1924-1936,1948-2022Nordic combined
16%
1900Croquet
13%
1912, 1920-1936, 1948-1952, 1960-2020Equestrian Eventing
11%
2008-2020Marathon Swimming
9%
1936, 1948-2020Canoe Sprint
8%
1900Basque Pelota
5%
1920Equestrian Vaulting
3%
1908Rackets
3%
1904Roque
3%
1948-1956Canoe Marathon
2%
1908Jeu De Paume
2%
1924Military patrol
2%
1908Water Motorsports
2%

Score Distribution

Percentile by Number Answered

Percent of People with Each Score

Your Score History

You have not taken this quiz since the last reset